[Event "?"]
[Site "?"]
[Date "????.??.??"]
[Round "?"]
[White "Kivipelto, K."]
[Black "Olesen, P."]
[Result "1/2-1/2"]
[WhiteElo "2185"]
[BlackElo "2082"]
[PlyCount "44"]
[EventDate "2010.??.??"]
[WhiteTeam "Helsinki"]
[BlackTeam "Dänemark 2"]

1. Nf3 Nf6 2. g3 g6 3. b4 a5 4. b5 Bg7 5. Bb2 c6 6. bxc6 bxc6 7. c4 d6 8. Bg2
O-O 9. O-O Bd7 10. d3 Na6 11. Nbd2 Rb8 12. Bc3 Nb4 13. a3 Na6 14. Qc2 Qc7 15.
Rab1 c5 16. e4 Rxb1 17. Rxb1 Rb8 18. e5 Ne8 19. Re1 e6 20. exd6 Nxd6 21. Bxg7
Kxg7 22. Qc3+ f6 1/2-1/2

[Event "?"]
[Site "?"]
[Date "????.??.??"]
[Round "?"]
[White "Schutze, H."]
[Black "Koskinen, V."]
[Result "1-0"]
[WhiteElo "2086"]
[BlackElo "1990"]
[PlyCount "65"]
[EventDate "2010.??.??"]
[WhiteTeam "Dänemark 2"]
[BlackTeam "Helsinki"]

1. Nf3 f5 2. b3 Nf6 3. Bb2 e6 4. e3 d5 5. Be2 Bd6 6. O-O O-O 7. c4 c6 8. d4
Nbd7 9. Ne5 Qe8 10. Nd2 Bxe5 11. dxe5 Ng4 12. Bxg4 fxg4 13. Qxg4 Rf7 14. f4 Nf8
15. Rae1 a5 16. c5 Qe7 17. Bd4 g6 18. Rc1 Bd7 19. a4 Rg7 20. Nf3 Rc8 21. Qg3
Ra8 22. h4 Be8 23. Nh2 Rc8 24. Ng4 Kh8 25. Nf6 Ra8 26. Qe1 Bd7 27. g4 Be8 28.
Rc2 Nd7 29. Qg3 Rc8 30. Kh1 Nb8 31. Qe1 Qc7 32. Rg2 b5 33. cxb6 1-0

[Event "?"]
[Site "?"]
[Date "????.??.??"]
[Round "?"]
[White "Kangas, M."]
[Black "Preuss, F."]
[Result "0-1"]
[WhiteElo "1935"]
[BlackElo "2057"]
[PlyCount "40"]
[EventDate "2010.??.??"]
[WhiteTeam "Helsinki"]
[BlackTeam "Dänemark 2"]

1. Nf3 f5 2. c4 d6 3. d4 g6 4. Nc3 Nf6 5. e3 Bg7 6. Be2 O-O 7. O-O Qe8 8. Qb3
h6 9. Bd2 Kh8 10. Bd3 c6 11. Rae1 e5 12. Bb1 g5 13. Re2 Na6 14. Ne1 Nh5 15. Qd1
Qf7 16. a3 Nc7 17. b4 Be6 18. f4 exd4 19. exd4 Bxd4+ 20. Kh1 Ng3+ 0-1

[Event "?"]
[Site "?"]
[Date "????.??.??"]
[Round "?"]
[White "Nilsen, K."]
[Black "Bergersen, P."]
[Result "1/2-1/2"]
[WhiteElo "1864"]
[BlackElo "1490"]
[PlyCount "30"]
[EventDate "2010.??.??"]
[WhiteTeam "Norwegen Ost"]
[BlackTeam "Blindern Oldtimers"]

1. e4 e6 2. d4 d5 3. exd5 exd5 4. Bd3 Nc6 5. c3 Bd6 6. Ne2 Nge7 7. Bf4 Bg4 8.
Bxd6 Qxd6 9. f3 Bf5 10. Qc2 Qe6 11. Nd2 O-O-O 12. O-O-O Qg6 13. Nf4 Qf6 14.
Rhe1 Bxd3 15. Nxd3 Rhe8 1/2-1/2

[Event "?"]
[Site "?"]
[Date "????.??.??"]
[Round "?"]
[White "Harzer, P."]
[Black "Mostertman, L."]
[Result "1/2-1/2"]
[WhiteElo "2136"]
[BlackElo "2077"]
[PlyCount "49"]
[EventDate "2010.??.??"]
[WhiteTeam "BSW  Berlin/DBAG"]
[BlackTeam "Oranjeteam 2"]

1. f4 e5 2. fxe5 d6 3. exd6 Bxd6 4. Nf3 Nf6 5. Nc3 O-O 6. d3 Re8 7. g3 Ng4 8.
Bg2 Nc6 9. Ne4 Bb4+ 10. c3 Ba5 11. h3 Rxe4 12. dxe4 Qxd1+ 13. Kxd1 Nf2+ 14. Kc2
Nxh1 15. Bxh1 Bxh3 16. Ng5 Bg4 17. Bf3 h5 18. Bf4 Re8 19. e5 Bxf3 20. Nxf3 f6
21. exf6 Rxe2+ 22. Kb3 Rf2 23. Ng5 gxf6 24. Ne4 Rh2 25. Nxf6+ 1/2-1/2

[Event "?"]
[Site "?"]
[Date "????.??.??"]
[Round "?"]
[White "Fitzke, U."]
[Black "Westerman, H."]
[Result "1-0"]
[WhiteElo "2003"]
[BlackElo "1909"]
[PlyCount "49"]
[EventDate "2010.??.??"]
[WhiteTeam "BSW  Berlin/DBAG"]
[BlackTeam "Oranjeteam 2"]

1. d4 e6 2. c4 Bb4+ 3. Bd2 a5 4. Nc3 Nf6 5. Qc2 d6 6. Nf3 Nbd7 7. e3 O-O 8. a3
Bxc3 9. Bxc3 Qe7 10. Be2 e5 11. dxe5 Nxe5 12. O-O Bd7 13. Nxe5 dxe5 14. Bf3 e4
15. Bxf6 Qxf6 16. Bxe4 Qh4 17. Bxb7 Rae8 18. Rad1 Bg4 19. Rd4 Qh5 20. Rd5 Qh6
21. Rxa5 Re6 22. Bd5 Rg6 23. Be4 Rf6 24. Ra8 Qh5 25. Bxh7+ 1-0

[Event "?"]
[Site "?"]
[Date "????.??.??"]
[Round "?"]
[White "Mascini, J."]
[Black "Kaiser, H."]
[Result "1-0"]
[WhiteElo "1894"]
[BlackElo "1868"]
[PlyCount "31"]
[EventDate "2010.??.??"]
[WhiteTeam "Oranjeteam 2"]
[BlackTeam "BSW  Berlin/DBAG"]

1. Nf3 c5 2. c4 Nf6 3. Nc3 Nc6 4. d4 cxd4 5. Nxd4 d6 6. e4 g6 7. Be2 Bg7 8. Be3
O-O 9. O-O Ng4 10. Bxg4 Nxd4 11. Bxc8 Qxc8 12. Bxd4 e5 13. Be3 Qxc4 14. Qxd6
Rfd8 15. Qc5 Qe6 16. Nd5 1-0

[Event "?"]
[Site "?"]
[Date "????.??.??"]
[Round "?"]
[White "Perman, T."]
[Black "Micheel, P."]
[Result "1/2-1/2"]
[WhiteElo "2055"]
[BlackElo "1943"]
[PlyCount "37"]
[EventDate "2010.??.??"]
[WhiteTeam "Botnia"]
[BlackTeam "Senioren Dresden 2"]

1. c4 e5 2. g3 Nc6 3. Bg2 Nf6 4. Nc3 Bc5 5. a3 d6 6. d3 h6 7. e3 O-O 8. Nge2
Bf5 9. O-O Qd7 10. Qe1 Rfe8 11. b4 Bb6 12. Bb2 Nd8 13. Nd5 Nxd5 14. cxd5 c6 15.
Nc3 cxd5 16. Nxd5 Qb5 17. e4 Be6 18. Nxb6 Qxb6 19. d4 1/2-1/2

[Event "?"]
[Site "?"]
[Date "????.??.??"]
[Round "?"]
[White "Rantanen, V."]
[Black "Waldmann, D."]
[Result "1/2-1/2"]
[WhiteElo "2004"]
[BlackElo "1557"]
[PlyCount "72"]
[EventDate "2010.??.??"]
[WhiteTeam "Botnia"]
[BlackTeam "Senioren Dresden 2"]

1. c4 Nf6 2. g3 e5 3. Bg2 Be7 4. Nf3 d6 5. Nc3 Nbd7 6. O-O O-O 7. e3 c6 8. b3
Rb8 9. Qc2 b6 10. d4 Bb7 11. Rd1 Qc7 12. Bb2 h6 13. Rac1 Rfe8 14. Nh4 exd4 15.
exd4 Bf8 16. Nf5 a6 17. Qd2 d5 18. cxd5 Bb4 19. dxc6 Bxc6 20. Bxc6 Qxc6 21. Qd3
Qb7 22. a3 Bf8 23. b4 Rbc8 24. b5 a5 25. Na4 Qd5 26. Ne3 Qf3 27. Nc4 Qb7 28.
Ne5 Rxc1 29. Rxc1 Nxe5 30. dxe5 Nd7 31. Rc6 Nxe5 32. Bxe5 Rxe5 33. Nxb6 Qe7 34.
Kg2 Re6 35. Nd5 a4 36. Rc8 Qb7 1/2-1/2

[Event "?"]
[Site "?"]
[Date "????.??.??"]
[Round "?"]
[White "Höppner, K."]
[Black "Runonen, R."]
[Result "0-1"]
[WhiteElo "1643"]
[BlackElo "1782"]
[PlyCount "68"]
[EventDate "2010.??.??"]
[WhiteTeam "Senioren Dresden 2"]
[BlackTeam "Botnia"]

1. d4 g6 2. Bf4 d6 3. Nf3 Bg7 4. e3 c5 5. c3 cxd4 6. cxd4 Nf6 7. h3 Qb6 8. b3
Ne4 9. Bd3 Qb4+ 10. Nbd2 Bf5 11. a3 Qc3 12. Rc1 Qxd3 13. g4 Bd7 14. Nb1 Qxd1+
15. Kxd1 Nxf2+ 16. Ke2 Nxh1 17. Rxh1 Bc6 18. Rc1 O-O 19. Nfd2 Nd7 20. Nc4 Rac8
21. Kd3 Bb5 22. Kc3 d5 23. Kb4 Ba6 24. Nbd2 dxc4 25. Nxc4 b5 26. Ka5 bxc4 27.
Kxa6 cxb3 28. Rb1 Rc3 29. Kxa7 e5 30. dxe5 Bxe5 31. a4 Bxf4 32. exf4 Rb8 33. a5
Rc5 34. a6 Rc7# 0-1

[Event "?"]
[Site "?"]
[Date "????.??.??"]
[Round "?"]
[White "Svensson, S."]
[Black "Lyly, S."]
[Result "1/2-1/2"]
[WhiteElo "2004"]
[BlackElo "1991"]
[PlyCount "34"]
[EventDate "2010.??.??"]
[WhiteTeam "Schweden 4"]
[BlackTeam "Stadi"]

1. Nf3 c5 2. c4 Nc6 3. Nc3 g6 4. g3 Bg7 5. Bg2 e5 6. Rb1 Rb8 7. a3 a6 8. b4
cxb4 9. axb4 b5 10. cxb5 axb5 11. e4 Nge7 12. Qe2 Qb6 13. d3 O-O 14. O-O d6 15.
Nd5 Qb7 16. Nxe7+ Qxe7 17. h3 f5 1/2-1/2

[Event "?"]
[Site "?"]
[Date "????.??.??"]
[Round "?"]
[White "Laitinen, M."]
[Black "Nordenström, S."]
[Result "0-1"]
[WhiteElo "1843"]
[BlackElo "1961"]
[PlyCount "90"]
[EventDate "2010.??.??"]
[WhiteTeam "Stadi"]
[BlackTeam "Schweden 4"]

1. d4 Nf6 2. c4 e6 3. Nc3 d5 4. Bg5 Be7 5. e3 c6 6. cxd5 exd5 7. Qc2 Nbd7 8.
Bd3 O-O 9. Nge2 Re8 10. O-O h6 11. Bh4 Ne4 12. Bxe7 Qxe7 13. Rae1 Nxc3 14. Nxc3
Nf6 15. f3 Qd6 16. Qf2 Be6 17. Ne2 Rad8 18. Nf4 Bc8 19. Bb1 Nd7 20. Qc2 Nf8 21.
g4 Re7 22. Rf2 Rde8 23. Qd2 Qf6 24. Ng2 Ng6 25. Qd3 Qg5 26. h4 Qf6 27. h5 Nf8
28. Qd2 Qg5 29. Qc3 f5 30. gxf5 Bxf5 31. Bxf5 Qxf5 32. Nf4 Ne6 33. Ng6 Rc7 34.
Ne5 Ng5 35. Kf1 Nh3 36. Qc2 Qxh5 37. Rh2 Rxe5 38. dxe5 Qxf3+ 39. Rf2 Nxf2 40.
Qxf2 Qxf2+ 41. Kxf2 Re7 42. Rc1 Rxe5 43. Rc3 g5 44. Ra3 a6 45. Rb3 Re7 0-1

[Event "?"]
[Site "?"]
[Date "????.??.??"]
[Round "?"]
[White "Wiman, K."]
[Black "Hall, R."]
[Result "1-0"]
[WhiteElo "1993"]
[BlackElo "1840"]
[PlyCount "151"]
[EventDate "2010.??.??"]
[WhiteTeam "Schweden 4"]
[BlackTeam "Stadi"]

1. e4 e6 2. d4 d5 3. Nc3 Bb4 4. e5 b6 5. Qg4 Bf8 6. Bg5 Qd7 7. Nh3 Ba6 8. Bxa6
Nxa6 9. Qe2 Nb4 10. a3 Nc6 11. O-O-O Na5 12. f4 Be7 13. f5 O-O-O 14. fxe6 fxe6
15. Rhf1 Bxg5+ 16. Nxg5 Nh6 17. g4 g6 18. Rf6 Rde8 19. h3 Ng8 20. Rf7 Qd8 21.
Qa6+ Kb8 22. h4 Re7 23. Rdf1 Nh6 24. Rxe7 Qxe7 25. Qe2 Nc6 26. Qd1 Nd8 27. Qf3
Re8 28. Qf4 Ng8 29. h5 gxh5 30. gxh5 Qg7 31. Kb1 Qh6 32. Qg4 Re7 33. Qh4 Re8
34. Nf7 Qf8 35. Qf4 Qe7 36. Nxd8 Rxd8 37. Qf7 Qxf7 38. Rxf7 h6 39. Ne2 Re8 40.
Nf4 Kb7 41. c3 a5 42. a4 Kc6 43. Kc2 Re7 44. Rxe7 Nxe7 45. Nxe6 Nf5 46. Kd3 Kd7
47. Nf4 c6 48. b3 Ne7 49. Ng6 Nf5 50. c4 Ke8 51. cxd5 cxd5 52. Nf4 Ne7 53. Kc3
Kd7 54. b4 Kc6 55. b5+ Kd7 56. Kd3 Kc7 57. Ne6+ Kd7 58. Ng7 Ng8 59. Ke3 Ke7 60.
Kf4 Kf7 61. Nf5 Ke6 62. Ne3 Ne7 63. Kg4 Kd7 64. Nf5 Ng8 65. Nxh6 Nxh6+ 66. Kg5
Nf7+ 67. Kg6 Nxe5+ 68. dxe5 d4 69. h6 d3 70. h7 d2 71. h8=Q d1=Q 72. Qg7+ Kc8
73. Qf8+ Kd7 74. Qf7+ Kd8 75. Qf6+ Kc7 76. Qc6+ 1-0

[Event "?"]
[Site "?"]
[Date "????.??.??"]
[Round "?"]
[White "Stähle, S."]
[Black "Gummesson, I."]
[Result "0-1"]
[WhiteElo "1678"]
[BlackElo "1863"]
[PlyCount "62"]
[EventDate "2010.??.??"]
[WhiteTeam "Stadi"]
[BlackTeam "Schweden 4"]

1. e4 e5 2. Nf3 Nc6 3. Bb5 a6 4. Ba4 Nf6 5. Qe2 b5 6. Bb3 Be7 7. c3 O-O 8. O-O
d6 9. h3 Bb7 10. d3 Na5 11. Bc2 c5 12. Be3 Qc7 13. Nbd2 d5 14. Nb3 Nxb3 15.
axb3 d4 16. Bd2 Nd7 17. Ng5 h6 18. Nf3 f5 19. exf5 Rxf5 20. Nh2 Raf8 21. Qg4
Bg5 22. Bxg5 Rxg5 23. Qe6+ Kh8 24. g3 Rf6 25. Qe8+ Kh7 26. Ng4 Rxg4 27. hxg4
Qc6 28. f3 Rxf3 29. Rf2 Rxg3+ 30. Kf1 Qh1+ 31. Ke2 Re3+ 0-1

[Event "?"]
[Site "?"]
[Date "????.??.??"]
[Round "?"]
[White "Walther, D."]
[Black "Stavenhagen, J."]
[Result "1/2-1/2"]
[WhiteElo "2154"]
[BlackElo "2011"]
[PlyCount "44"]
[EventDate "2010.??.??"]
[WhiteTeam "Rheno Palatinat"]
[BlackTeam "Saxone/1911-BSW"]

1. d4 Nf6 2. Bg5 c6 3. Nd2 d5 4. Bxf6 exf6 5. e3 Bf5 6. Ngf3 h6 7. Be2 Be7 8.
O-O O-O 9. Nh4 Bh7 10. f4 f5 11. Nhf3 Nd7 12. c4 Nf6 13. Qb3 Qb6 14. Rac1 Qxb3
15. axb3 Ng4 16. h3 Nf6 17. Rc2 Bb4 18. Bd3 Rfe8 19. Kf2 Re7 20. Ra1 a5 21. Nf1
Rae8 22. Rac1 Rd8 1/2-1/2

[Event "?"]
[Site "?"]
[Date "????.??.??"]
[Round "?"]
[White "Alter, H."]
[Black "Schwertel, J."]
[Result "1/2-1/2"]
[WhiteElo "1882"]
[BlackElo "1990"]
[PlyCount "47"]
[EventDate "2010.??.??"]
[WhiteTeam "Saxone/1911-BSW"]
[BlackTeam "Rheno Palatinat"]

1. e4 d6 2. d4 g6 3. f4 Bg7 4. Nf3 c6 5. c3 Nf6 6. Bd3 O-O 7. O-O e6 8. Qe2 Qc7
9. Be3 Ng4 10. Bc1 Nd7 11. h3 Ngf6 12. Be3 c5 13. Nbd2 b6 14. Rad1 Bb7 15. e5
dxe5 16. dxe5 Nd5 17. Be4 f5 18. Bc2 a5 19. c4 Nxe3 20. Qxe3 Rad8 21. Ng5 Rfe8
22. Nb1 h6 23. Nf3 Nb8 24. Nc3 1/2-1/2

[Event "?"]
[Site "?"]
[Date "????.??.??"]
[Round "?"]
[White "Denda, R."]
[Black "Morgner, S."]
[Result "1-0"]
[WhiteElo "2043"]
[BlackElo "1870"]
[PlyCount "85"]
[EventDate "2010.??.??"]
[WhiteTeam "Rheno Palatinat"]
[BlackTeam "Saxone/1911-BSW"]

1. e4 g6 2. d4 d6 3. c3 Bg7 4. Bf4 Nf6 5. Bd3 c6 6. Qd2 Qb6 7. Na3 Be6 8. Nf3
a6 9. b3 a5 10. O-O d5 11. exd5 cxd5 12. Rfe1 Nc6 13. Ne5 Nxe5 14. Bxe5 Kf8 15.
c4 h5 16. Nb5 Ne8 17. c5 Qc6 18. a4 h4 19. Qe2 Qd7 20. h3 Rh5 21. Bf4 Bf5 22.
Rad1 Ra6 23. Qd2 Bxd3 24. Qxd3 g5 25. Qe2 Nf6 26. Be5 Rh6 27. f3 Nh5 28. Qd2
Bxe5 29. Rxe5 f6 30. Re3 Re6 31. Rde1 Rxe3 32. Rxe3 Nf4 33. Qxa5 Rh7 34. Kh2
Ne6 35. Qb6 Kf7 36. a5 f5 37. Re5 Rh6 38. Nc3 Rf6 39. Rxd5 Qc8 40. Qb5 Qc7+ 41.
Kg1 Qb8 42. c6 Nc7 43. Qxb7 1-0

[Event "?"]
[Site "?"]
[Date "????.??.??"]
[Round "?"]
[White "Zanger, K."]
[Black "Jäger, E."]
[Result "1/2-1/2"]
[WhiteElo "1811"]
[BlackElo "1996"]
[PlyCount "41"]
[EventDate "2010.??.??"]
[WhiteTeam "Saxone/1911-BSW"]
[BlackTeam "Rheno Palatinat"]

1. d4 Nf6 2. c4 g6 3. Nc3 Bg7 4. g3 O-O 5. Bg2 d6 6. e4 Nbd7 7. Nge2 e5 8. d5
a5 9. O-O Nc5 10. Be3 b6 11. b3 Ng4 12. Bxc5 bxc5 13. h3 Nh6 14. Rc1 f5 15. f3
Bd7 16. Kh2 Kh8 17. f4 Qe7 18. Qd2 Nf7 19. Rce1 exf4 20. Nxf4 Ne5 21. Nb5
1/2-1/2

[Event "?"]
[Site "?"]
[Date "????.??.??"]
[Round "?"]
[White "Johansson, P."]
[Black "Kristiansen, E."]
[Result "1/2-1/2"]
[WhiteElo "2060"]
[BlackElo "2208"]
[PlyCount "24"]
[EventDate "2010.??.??"]
[WhiteTeam "Schweden 3"]
[BlackTeam "Arctic Team"]

1. d4 Nf6 2. Nf3 b6 3. g3 Bb7 4. Bg2 e6 5. c4 Bb4+ 6. Bd2 Bxd2+ 7. Qxd2 O-O 8.
Nc3 d6 9. O-O Nbd7 10. d5 e5 11. e4 Nh5 12. Qg5 g6 1/2-1/2

[Event "?"]
[Site "?"]
[Date "????.??.??"]
[Round "?"]
[White "Flotten, E."]
[Black "Gustavsson, S."]
[Result "1/2-1/2"]
[WhiteElo "1794"]
[BlackElo "2029"]
[PlyCount "51"]
[EventDate "2010.??.??"]
[WhiteTeam "Arctic Team"]
[BlackTeam "Schweden 3"]

1. e4 c5 2. f4 Nc6 3. Nf3 g6 4. c3 d5 5. e5 Qb6 6. d4 Bg4 7. dxc5 Qxc5 8. h3
Bxf3 9. Qxf3 e6 10. Be3 Qa5 11. Be2 Be7 12. O-O h5 13. Nd2 Nh6 14. Nb3 Qc7 15.
Rac1 Nf5 16. Bf2 a6 17. Nd4 Nfxd4 18. cxd4 Qd7 19. a3 O-O 20. Bd3 Kg7 21. Be3
h4 22. Qg4 Nd8 23. f5 exf5 24. Bxf5 Ne6 25. Bd3 Rac8 26. Rxc8 1/2-1/2

[Event "?"]
[Site "?"]
[Date "????.??.??"]
[Round "?"]
[White "Sandklef, A."]
[Black "Olsen, B."]
[Result "0-1"]
[WhiteElo "2009"]
[BlackElo "1694"]
[PlyCount "87"]
[EventDate "2010.??.??"]
[WhiteTeam "Schweden 3"]
[BlackTeam "Arctic Team"]

1. d4 d5 2. c4 c6 3. Nf3 Bg4 4. e3 Bh5 5. Nc3 e6 6. Be2 Nf6 7. b3 Bd6 8. Bb2
Nbd7 9. Rc1 Qb8 10. h3 O-O 11. O-O Ne8 12. Re1 f5 13. Ng5 Bxe2 14. Qxe2 Nc7 15.
f4 h6 16. Nf3 Ne8 17. cxd5 cxd5 18. Rc2 a6 19. Rec1 Nef6 20. Nd1 Ne4 21. Kh2
Ndf6 22. Ne5 Qe8 23. g4 fxg4 24. hxg4 Kh7 25. Kg1 Ng3 26. Qf3 Nfe4 27. Nf2 Bb4
28. Nxe4 Nxe4 29. Qh3 Be7 30. Rf1 Bd6 31. Rh2 Be7 32. Rc1 Bd6 33. Nf3 Rh8 34.
Rcc2 Kg8 35. g5 h5 36. Ne5 Bxe5 37. dxe5 Qe7 38. g6 Rh6 39. Rhg2 Rh8 40. Bc1
Qd7 41. Bb2 Qd8 42. Bd4 Qa5 43. Qxe6+ Kf8 44. Qf7# 0-1

[Event "?"]
[Site "?"]
[Date "????.??.??"]
[Round "?"]
[White "Esbensen, H."]
[Black "Ohrn, S."]
[Result "0-1"]
[WhiteElo "1445"]
[BlackElo "1991"]
[PlyCount "96"]
[EventDate "2010.??.??"]
[WhiteTeam "Arctic Team"]
[BlackTeam "Schweden 3"]

1. Nf3 d5 2. e3 Bg4 3. d4 Nf6 4. c4 c6 5. Nc3 e6 6. h3 Bxf3 7. Qxf3 Bd6 8. cxd5
exd5 9. Bd3 O-O 10. O-O Nbd7 11. e4 dxe4 12. Nxe4 Nxe4 13. Bxe4 Re8 14. Bd2 Qh4
15. Rfe1 Nf6 16. Bd3 Qxd4 17. Bc3 Qd5 18. Re3 Rxe3 19. fxe3 Qxf3 20. gxf3 Nd5
21. Bd2 Bc5 22. Kf2 Re8 23. Be4 g6 24. Bxd5 cxd5 25. Rc1 Bb6 26. b4 f5 27. a4
f4 28. Ke2 Bxe3 29. Bxe3 Rxe3+ 30. Kf2 Re7 31. Rd1 Rd7 32. h4 d4 33. Ke2 Kf7
34. Kd3 Kf6 35. Ke4 g5 36. hxg5+ Kxg5 37. Rg1+ Kf6 38. Kxf4 d3 39. Rd1 d2 40.
Ke3 Kf5 41. Rxd2 Rxd2 42. Kxd2 Kf4 43. Ke2 Kg3 44. Ke3 h5 45. f4 Kg4 46. Ke4 h4
47. f5 h3 48. f6 h2 0-1

[Event "?"]
[Site "?"]
[Date "????.??.??"]
[Round "?"]
[White "Perk, E."]
[Black "Hollstein, J."]
[Result "0-1"]
[WhiteElo "2051"]
[BlackElo "2020"]
[PlyCount "90"]
[EventDate "2010.??.??"]
[WhiteTeam "Widukind 2"]
[BlackTeam "Stiftg BSW/DBAG 2"]

1. d4 Nf6 2. c4 g6 3. Nf3 Bg7 4. Nc3 d5 5. cxd5 Nxd5 6. e4 Nxc3 7. bxc3 c5 8.
Bb5+ Nc6 9. Qa4 Bd7 10. O-O a6 11. Bxc6 Bxc6 12. Qc2 O-O 13. d5 Bb5 14. Rd1 Qa5
15. Bd2 Ba4 16. Qb2 Bxd1 17. Rxd1 b5 18. Re1 Rab8 19. e5 Qd8 20. Qb3 c4 21. Qa3
Qxd5 22. Bf4 e6 23. Qc1 Rfd8 24. h4 b4 25. cxb4 Rxb4 26. Bd2 Rb5 27. Bc3 Qd3
28. h5 Rdb8 29. hxg6 hxg6 30. Qa3 Rb1 31. Qa5 R8b5 32. Qc7 Qxc3 33. Qd8+ Bf8
34. Rxb1 Rxb1+ 35. Kh2 Qc1 36. Kg3 Qb2 37. Qh4 Qb8 38. Kg4 c3 39. Ng5 Rb4+ 40.
f4 Bg7 41. Qh7+ Kf8 42. Qh2 Qxe5 43. g3 Qf5+ 44. Kh4 Bf6 45. g4 Bxg5+ 0-1

[Event "?"]
[Site "?"]
[Date "????.??.??"]
[Round "?"]
[White "Koksch, G."]
[Black "Goerden, H."]
[Result "1/2-1/2"]
[WhiteElo "2104"]
[BlackElo "1835"]
[PlyCount "89"]
[EventDate "2010.??.??"]
[WhiteTeam "Stiftg BSW/DBAG 2"]
[BlackTeam "Widukind 2"]

1. d4 c5 2. d5 d6 3. e4 Nf6 4. Nc3 e6 5. Be2 exd5 6. exd5 g6 7. Nf3 Bg7 8. O-O
O-O 9. Nd2 Na6 10. Nc4 Nc7 11. a4 b6 12. Bf4 Nfe8 13. Qd2 Ba6 14. Bh6 Bxc4 15.
Bxc4 Qh4 16. Bxg7 Nxg7 17. f4 f5 18. Nb5 Qd8 19. a5 Nxb5 20. Bxb5 a6 21. Bc6
Rb8 22. c4 Nh5 23. axb6 Rxb6 24. Qe2 Nf6 25. Kh1 Ne4 26. g4 Qf6 27. gxf5 gxf5
28. Rg1+ Kh8 29. Rg2 Rg8 30. Rag1 Rxg2 31. Qxg2 Qf8 32. Bd7 Rb8 33. Bxf5 Nf2+
34. Qxf2 Qxf5 35. Qg2 Qf6 36. b3 Qf7 37. Qg5 Rf8 38. Qh6 Qf6 39. Rg6 Qa1+ 40.
Rg1 Qf6 41. Qxf6+ Rxf6 42. Rf1 Rf7 43. Kg2 Kg7 44. Kg3 Rb7 45. f5 1/2-1/2

[Event "?"]
[Site "?"]
[Date "????.??.??"]
[Round "?"]
[White "Kluger, H."]
[Black "Neubert, G."]
[Result "0-1"]
[WhiteElo "1960"]
[BlackElo "1997"]
[PlyCount "60"]
[EventDate "2010.??.??"]
[WhiteTeam "Widukind 2"]
[BlackTeam "Stiftg BSW/DBAG 2"]

1. d4 d5 2. c4 c6 3. cxd5 cxd5 4. Nc3 Nc6 5. Bf4 Bf5 6. e3 e6 7. Nf3 Bd6 8.
Bxd6 Qxd6 9. Bb5 Nge7 10. Rc1 O-O 11. a3 h6 12. O-O Rac8 13. Ne2 Rc7 14. Ng3
Bh7 15. Bd3 Bxd3 16. Qxd3 Rfc8 17. Qd2 b6 18. Rc3 Na5 19. Rfc1 Nb3 20. Qd1 Nxc1
21. Qxc1 Rxc3 22. bxc3 Qc7 23. Ne2 Nc6 24. h4 Na5 25. Qc2 Nc4 26. Qb3 Qe7 27.
a4 g5 28. hxg5 hxg5 29. g4 Qf6 30. Kg2 Qxf3+ 0-1

[Event "?"]
[Site "?"]
[Date "????.??.??"]
[Round "?"]
[White "Bisse, V."]
[Black "Kendall, P."]
[Result "0-1"]
[WhiteElo "1930"]
[BlackElo "2069"]
[PlyCount "124"]
[EventDate "2010.??.??"]
[WhiteTeam "Senioren Dresden 1"]
[BlackTeam "England 2"]

1. e4 c5 2. Nf3 g6 3. d4 cxd4 4. Nxd4 Nc6 5. c3 Bg7 6. Bc4 Nf6 7. Nxc6 bxc6 8.
f3 d5 9. exd5 cxd5 10. Bb5+ Bd7 11. Qe2 O-O 12. Bxd7 Qxd7 13. O-O Rab8 14. Na3
Rfc8 15. Bf4 Rb6 16. Be3 Rb7 17. Bd4 Rcb8 18. Rab1 Ne8 19. Bxg7 Kxg7 20. Rfd1
Nc7 21. b3 e6 22. Rbc1 Qd6 23. Nc2 f6 24. c4 Re8 25. Qe3 Qc6 26. Nd4 Qa6 27.
Rd2 e5 28. Ne2 d4 29. Qd3 Ne6 30. g4 Nc5 31. Qb1 Qc6 32. Rf1 Qb6 33. Kg2 Qb4
34. Rfd1 a5 35. Nc1 Qxc4 36. Qxg6+ hxg6 37. bxc4 Rc8 38. Rc2 Rb1 39. Rdd2 Rb4
40. Kf2 a4 41. Ke2 Ne6 42. Nd3 Rbxc4 43. Kd1 Ng5 44. Ne1 Rc3 45. Rxc3 Rxc3 46.
Ke2 Re3+ 47. Kf2 Rxe1 48. h4 Nxf3 49. Kxf3 Re3+ 50. Kg2 a3 51. Kf2 Rh3 52. Kg2
Rc3 53. Kf2 Kf7 54. Kg2 Ke6 55. Kf2 f5 56. h5 gxh5 57. gxh5 Rh3 58. Kg2 Rc3 59.
Kh2 d3 60. Kh3 e4 61. h6 Kf6 62. Rg2 d2+ 0-1

[Event "?"]
[Site "?"]
[Date "????.??.??"]
[Round "?"]
[White "Wilson, P."]
[Black "Kanibalotzka, E."]
[Result "1-0"]
[WhiteElo "1995"]
[BlackElo "1826"]
[PlyCount "101"]
[EventDate "2010.??.??"]
[WhiteTeam "England 2"]
[BlackTeam "Senioren Dresden 1"]

1. f4 g6 2. Nf3 Bg7 3. e3 Nf6 4. d4 d5 5. c3 O-O 6. Bd3 Nbd7 7. O-O c5 8. Bd2
c4 9. Bc2 Nb6 10. Be1 Bg4 11. h3 Bxf3 12. Qxf3 e6 13. Bh4 Qd7 14. g4 Qb5 15. b4
cxb3 16. axb3 Qd7 17. f5 exf5 18. gxf5 Qc6 19. Bg5 Ne4 20. Bxe4 dxe4 21. Qf4 f6
22. fxg6 fxg5 23. gxh7+ Kxh7 24. Qxg5 Rxf1+ 25. Kxf1 Qf6+ 26. Qxf6 Bxf6 27. Nd2
Bg5 28. Ke2 Nd5 29. Nxe4 Bxe3 30. Ra5 Nxc3+ 31. Kxe3 Re8 32. Re5 Rxe5 33. dxe5
Nd5+ 34. Kd4 Ne7 35. e6 Kg6 36. Ke5 Nc6+ 37. Kd5 Kf5 38. Nd6+ Kf6 39. Nxb7 Ne7+
40. Kd6 Nc8+ 41. Kc7 Ne7 42. Nc5 Nd5+ 43. Kb7 Ke7 44. Na6 Nf4 45. Nc7 Nxh3 46.
Kxa7 Nf4 47. b4 Nd3 48. b5 Kd6 49. b6 Nc5 50. b7 Nxb7 51. Kxb7 1-0

[Event "?"]
[Site "?"]
[Date "????.??.??"]
[Round "?"]
[White "Johannsen, I."]
[Black "Ovesen, K."]
[Result "1/2-1/2"]
[WhiteElo "2071"]
[BlackElo "1883"]
[PlyCount "56"]
[EventDate "2010.??.??"]
[WhiteTeam "Störtebeker"]
[BlackTeam "Norwegen 3"]

1. e4 c6 2. d3 d5 3. f3 dxe4 4. fxe4 e5 5. Nf3 Ne7 6. Nbd2 Ng6 7. g3 Bc5 8. Bg2
O-O 9. Qe2 Be6 10. Nb3 Bb6 11. Ng5 Bxb3 12. axb3 h6 13. Nf3 Nd7 14. Bd2 Qc7 15.
h4 Bd4 16. h5 Ne7 17. c3 Bb6 18. Nh4 Nc5 19. b4 Nb3 20. Ra3 Nxd2 21. Kxd2 c5
22. bxc5 Bxc5 23. b4 Bb6 24. Bh3 Rad8 25. Nf5 Nxf5 26. Bxf5 Rd6 27. Rf1 Rfd8
28. Rf3 Qe7 1/2-1/2

[Event "?"]
[Site "?"]
[Date "????.??.??"]
[Round "?"]
[White "Bue, G."]
[Black "Schäfer, H."]
[Result "1/2-1/2"]
[WhiteElo "1879"]
[BlackElo "1933"]
[PlyCount "22"]
[EventDate "2010.??.??"]
[WhiteTeam "Norwegen 3"]
[BlackTeam "Störtebeker"]

1. d4 Nf6 2. c4 e6 3. Nf3 d5 4. e3 Nbd7 5. Bd3 c6 6. O-O Bd6 7. b3 O-O 8. Bb2
Re8 9. Ne5 Qe7 10. Nd2 Nf8 11. f4 N6d7 1/2-1/2

[Event "?"]
[Site "?"]
[Date "????.??.??"]
[Round "?"]
[White "Ludvigsen, J."]
[Black "Schneider, M."]
[Result "1-0"]
[WhiteElo "1821"]
[BlackElo "1995"]
[PlyCount "50"]
[EventDate "2010.??.??"]
[WhiteTeam "Norwegen 3"]
[BlackTeam "Störtebeker"]

1. e4 d5 2. exd5 Qxd5 3. Nc3 Qa5 4. d4 c6 5. Nf3 Bg4 6. h3 Bxf3 7. Qxf3 Nf6 8.
Bd2 Qb6 9. Qd3 e6 10. O-O-O Bd6 11. Be2 Nbd7 12. g4 O-O-O 13. g5 Nd5 14. Nxd5
exd5 15. c4 Qc7 16. Kb1 dxc4 17. Qxc4 Nb6 18. Qb3 Kb8 19. Ba5 Qe7 20. Bf3 Bc7
21. h4 Nd5 22. Bxc7+ Qxc7 23. Rc1 Qd7 24. Rc5 Nb6 25. Rd1 Qc7 1-0

[Event "?"]
[Site "?"]
[Date "????.??.??"]
[Round "?"]
[White "Flockhart, H."]
[Black "Ehlert, J."]
[Result "1/2-1/2"]
[WhiteElo "1871"]
[BlackElo "2009"]
[PlyCount "63"]
[EventDate "2010.??.??"]
[WhiteTeam "Schottland 2"]
[BlackTeam "Stiftg BSW/DBAG 4"]

1. e4 c5 2. Nf3 e6 3. c3 Nf6 4. e5 Nd5 5. d4 Nc6 6. Bc4 cxd4 7. cxd4 Be7 8. O-O
d6 9. Bxd5 exd5 10. exd6 Qxd6 11. h3 O-O 12. Nc3 a6 13. Ne2 Bf6 14. Bg5 Bxg5
15. Nxg5 Qf6 16. f4 Re8 17. Nf3 Qg6 18. Kh2 f6 19. Qd2 Bd7 20. Nc3 Ne7 21. Rae1
Rac8 22. Rg1 b5 23. a3 a5 24. b4 axb4 25. axb4 Rc4 26. g4 Rec8 27. f5 Nxf5 28.
gxf5 Qxf5 29. Qh6 g6 30. Re7 Qxh3+ 31. Qxh3 Bxh3 32. Nxd5 1/2-1/2